[Event "EU-chT (Men) 18th"]
[Site "Porto Carras"]
[Date "2011.11.09"]
[Round "7.4"]
[White "Sargissian, Gabriel"]
[Black "Bauer, Christian"]
[Result "1/2-1/2"]
[WhiteElo "2671"]
[BlackElo "2641"]
[Annotator "Marin,M"]
[PlyCount "87"]
[EventDate "2011.11.03"]
[EventType "team-swiss"]
[EventRounds "9"]
[EventCountry "GRE"]
[SourceTitle "CBM 146"]
[Source "ChessBase"]
[SourceDate "2012.01.18"]
[SourceVersion "1"]
[SourceVersionDate "2012.01.18"]
[SourceQuality "1"]
[WhiteTeam "Armenia"]
[BlackTeam "France"]
[WhiteTeamCountry "ARM"]
[BlackTeamCountry "FRA"]

1. d4 e6 2. c4 Bb4+ 3. Bd2 Qe7 4. g3 Nc6 5. Nf3 Nf6 6. Nc3 b6 $5 {This looks a
bit weird with a knight on c6, but Black's queenside plan is quite coherent as
will soon become clear.} (6... Bxc3 7. Bxc3 Ne4 8. Rc1 O-O 9. Bg2 d6 {Grischuk,
A (2747)-Ivanchuk,V (2779)/Monte Carlo 2011/CBM 142/[Marin,M] (0-1, 45)}) ({
The usual move order to reach the game tabyia is} 6... Na5 7. b3 b6 8. Bg2 Bb7)
7. Bg2 Bb7 8. O-O Na5 9. b3 O-O {I find this position quite illustrative of
the hypermodern spirit. Nimzowitsch and Reti would have been satisfied: Black
controls White's massive pawn centre by means of piece pressure only. After
having provoked the slight weakness b2-b3, he is ready to start attacking the
centre with ...c5 or sometimes ...d5. The main specialist of this line seems
to be grandmaster Nenad Sulava.} 10. d5 $5 {Almost never played before.} (10.
Rc1 {is the kind of neutral move which makes Black's life easier. The main
issue is that a2-a3 has ceased to be a potential threat, increasing the
stability of Black's minor pieces.} Rac8 11. Re1 c5 {The thematic move, but
not the only one possible.} (11... d5 {leads to an entirely different kind of
structure} 12. cxd5 exd5 13. Ne5 c5 14. e3 Rfd8 $13 {Shneider,A (2570)
-Rytshagov,M (2470)/Cappelle la Grande 1994/EXT 99 (1/2, 19)}) 12. d5 $5 {
The only way to complicate the game.} exd5 13. Nxd5 Bxd5 14. cxd5 Ne4 $5 {
rejecting the present and aiming to occupy the c3-square.} (14... Nxd5 15. Nh4
$44) 15. Bxb4 cxb4 16. Rxc8 Rxc8 17. Nd4 {With the d-pawn on its initial
square, this knight does not threaten much. The weakness of the c3-square and
the control of the only open file offer Black excellent play.} Nb7 18. Qd3 Nbd6
19. Bxe4 Qxe4 20. Qxe4 Nxe4 $15 {Landenbergue,C (2415)-Jussupow,A (2573)/
Switzerland 2010/CBM 135 Extra (0-1, 52)}) ({The main continuation is} 10. Qc2
{, starting to prepare e2-e4.} Rac8 11. Rfe1 (11. Rfd1 c5 12. a3 Bxc3 13. Bxc3
Be4 14. Qb2 d5 15. dxc5 dxc4 16. Bxa5 bxa5 {In Skembris,S (2439)-Sulava,N 
(2478)/Bastia 2004/CBM 100 ext (1/2, 25) the position simplified rapidly, but
White's only chance to keep some tension was} 17. b4 $5 Qb7 18. Qc3 Bd5 $13)
11... c5 12. e4 (12. a3 Bxc3 13. Bxc3 Be4 14. Qb2 d5 {With the white rook
passive on e1 rather than on d1, this setup is even safer for Black than in
the line above.} 15. dxc5 dxc4 16. cxb6 Nxb3 17. Bb4 Nc5 18. bxa7 Qxa7 $11 {
Dunis,A (2443)-Sulava,N (2482)/Nice 2004/CBM 101 ext (1/2, 78)}) (12. dxc5 Bxc5
{transposes below}) 12... cxd4 13. Nxd4 Bc5 14. Nf3 Ng4 {We have reached a
typical QI Hedgehog. White has a space advantage, but his dark squares are
weak and he faces problems neutralising Black's initiative.} 15. Re2 (15. Nd1
Nc6 16. Bc3 d6 17. a3 Nge5 $36 {[%csl Gd4] ><d4 Delemarre,J (2320)-Rytshagov,M
(2475)/Amsterdam 1995/EXT 1997 (0-1, 27)}) 15... Nc6 16. h3 (16. e5 f6 17. exf6
Qxf6 $36 {Tunik,G (2474)-Lavrov,A (2352)/Korolev 1999/EXT 2001 (0-1, 42)}) (16.
Na4 Nge5 17. Bc3 Nxf3+ 18. Bxf3 Nd4 19. Bxd4 Bxd4 20. Rd1 Be5 21. Bg2 b5 $36 {
Kazhgaleyev,M (2596)-Sulava,N (2478)/Belfort 2004/EXT 2005 (1-0, 40)}) 16...
Nge5 17. Nxe5 Nxe5 18. Rd1 f5 (18... h5 $5) 19. Bf4 Ng6 (19... d6 $5) 20. exf5
Nxf4 21. gxf4 Bxg2 22. Kxg2 Qh4 (22... Rxf5 $2 23. Qxf5 $16) 23. Rxd7 exf5 $2 {
[%csl Gd5]} (23... Rxf5 $5 $132) 24. Nd5 $16 {1-0 Naumkin,I (2435)-Zelcic,R 
(2540)/Montecatini Terme 1998/EXT 2000 (39)}) 10... c6 11. dxe6 $146 {White
aims for a symbolic advantage in an almost symmetrical position.} (11. Nd4 cxd5
12. cxd5 Bxc3 13. Bxc3 Bxd5 14. Nf5 exf5 15. Bxf6 Qxf6 16. Qxd5 Rad8 17. Rfd1
$44 {Stathopoulos,I (2122)-Katov,L (2271)/Nikea 2011/CBM 144 Extra (1/2, 32)})
11... dxe6 12. Qc2 Rfd8 13. Rfd1 h6 {Black still has some problems regrouping.
In order to activate his b7-bishop, he needs to play ...c6-c5, but then the
other bishop may come into some danger. However, the symmetrical character of
the position and the absence of weaknesses leaves Black very close to equality.
} 14. h3 {This plan seems too slow to offer any advantage.} (14. Ne5 {is more
active, but Black should be able to neutralise the pressure with a few
accurate moves.} Bd6 15. Bf4 (15. Nd3 c5 16. Bxb7 Qxb7 17. Nb5 Nc6 {[%cal
Gc6d4,Gf6e4]}) 15... Bc7 {/\...Nh5} (15... g5 16. Ng6 $1) (15... Nh5 16. Rxd6
Rxd6 17. c5 bxc5 18. Be3 $36 {[%csl Ga5,Gb7,Gh5]}) 16. Bf3 Rxd1+ 17. Rxd1 Rd8 {
followed by ...c5 soon.}) 14... Rac8 15. g4 c5 16. a3 Bxc3 17. Bxc3 Be4 18. Qb2
Ne8 19. Rac1 (19. Bxa5 bxa5 {[%csl Gb3]}) 19... Nb7 $5 {Overprotecting c5 and
maintaining the possibility of putting pressure on c4 in the event of b3--b4.}
(19... Nc6 20. b4 {offers White some slight initiative.}) 20. Rd2 Rxd2 21. Qxd2
Rd8 22. Qf4 Nbd6 23. Bf1 f6 24. b4 e5 $132 {After having placed all his pawns
on dark squares, Black has neutralised the c3-bishop completely. Besides, the
other white bishop is not too active either.} 25. Qe3 Ba8 26. Nd2 Qb7 27. f3
Qc6 28. bxc5 bxc5 29. Nb3 Nxc4 30. Qxc5 Qxc5+ 31. Nxc5 Ne3 32. Be1 Rc8 33. Bf2
Nxf1 34. Kxf1 Bd5 $11 35. Ke1 Bf7 36. Nd3 Rxc1+ 37. Nxc1 a6 38. Kd2 Nc7 39. Nd3
Bc4 40. a4 Nd5 41. Nb2 Ba2 42. e4 Ne7 43. Kc3 Nc6 44. Nd3 1/2-1/2

[Event "Dortmund SuperGM 40th"]
[Site "Dortmund"]
[Date "2012.07.20"]
[Round "7"]
[White "Kramnik, Vladimir"]
[Black "Leko, Peter"]
[Result "1/2-1/2"]
[WhiteElo "2799"]
[BlackElo "2730"]
[Annotator "Marin,M"]
[PlyCount "267"]
[EventDate "2012.07.13"]
[EventType "tourn"]
[EventRounds "9"]
[EventCountry "GER"]
[EventCategory "19"]
[SourceTitle "CBM 150"]
[Source "ChessBase"]
[SourceDate "2012.09.14"]
[SourceVersion "1"]
[SourceVersionDate "2012.09.14"]
[SourceQuality "1"]

1. d4 Nf6 2. c4 e6 3. g3 d5 4. Bg2 Bb4+ 5. Bd2 Be7 {In certain cases, the
white bishop is exposed on d2, but in others it may prove useful. This game
will feature the latter possibility.} 6. Nf3 c6 7. O-O Nbd7 8. Qb3 O-O 9. Rc1
$5 {An interesting move that came into the limelight recently. White waits for
Black to define his intentions and makes use of the availability of the
c1-square. Later, he will aim to prove the usefulness of the bishop's presence
on d2.} ({With the bishop on c1, White could develop normally with} 9. Nc3 {
, but here Black would gain an important tempo with} Nb6 10. c5 Nc4 11. Bf4 {
Onischuk,A (2627)-Dautov,R (2606)/Germany 2001/CBM 081/[Dautov] (1/2, 42)})
9... Nb6 ({In principle,} 9... b6 {is precisely what White would be waiting
for and it dooms Black to a passive position with a symmetrical structure after
} 10. cxd5 cxd5 11. Na3 (11. Bf4 Ba6 12. Nc3 Nh5 13. Be3 f5 $2 14. Qa4 Nb8 15.
Ne5 $16 {Pergericht,D (2295)-Abdulghafour,Y/Manila 1992/TD (1-0, 44)}) 11...
Bb7 12. Bb4 Bxb4 13. Qxb4 a6 14. e3 Rc8 $14 {In Ivanchuk,V (2766)-Gelfand,B 
(2739)/Wijk aan Zee 2012/CBM 147 ((0-1, 42) Black not only managed to keep
White's initiative within tolerable limits, but even won after Ivanchuk went
too far with his winning attempts.}) ({In practice, White could not show
anything convincing after} 9... a5 $5 {, restricting the d2-bishop and aiming
to gain space with ...a5-a4.} 10. a4 Ne4 (10... Nb6 11. Ne5 Nfd7 12. Nxd7 Bxd7
13. c5 Nc4 14. Be1 b6 $132 {Kozul,Z (2579)-Palac,M (2552)/Bihac 2010/CBM 136
Extra (1/2, 24)}) 11. Be1 f5 12. Nc3 Kh8 13. e3 Qe8 14. Ne2 g5 15. Nd2 Qh5 16.
f3 Nd6 17. Qd1 $13 {Salov,V (2630)-Short,N (2650)/Rotterdam 1989/CBM 013 (1-0,
43)}) (9... Ne4 {unexpectedely led to huge complications after:} 10. Bb4 Bxb4
11. Qxb4 a5 (11... Qb6 {does not contribute to the fight for space. The only
idea is to grab a pawn, but White can deal with that.} 12. Qb3 Ndf6 13. Nc3 Rd8
14. e3 dxc4 $5 {Otherwise Black would be short of constructive moves.} 15. Qc2
Nd6 16. e4 Nd7 17. Rd1 Nf8 18. Qe2 Qa6 19. e5 Nf5 20. Ne4 $44 {Romanishin,O 
(2525)-Kharitonov,A (2500)/Lvov 1990/CBM 018 (1/2, 39)}) 12. Qa3 b5 $5 {
Strategically, this looks risky, but Black plays for the initiative, taking
advantage of the somewhat unfavourable placement of the white queen.} 13. Ne5
$5 {White does not step back from real fight either.} (13. cxd5 cxd5 14. Nbd2
b4 $132) 13... Nxe5 14. dxe5 f5 (14... bxc4 15. Bxe4 dxe4 16. Nc3 e3 17. f4 $44
) 15. f3 (15. cxb5 cxb5 {[%csl Rf2][%cal Gd8b6]} 16. Qe3 d4 $36) 15... b4 $1 (
15... Qb6+ $2 16. c5 $18) 16. Qd3 (16. Qe3 d4 $17 {[%cal Ge4c5]}) 16... Qb6+
17. e3 dxc4 18. Qd4 (18. Rxc4 Ba6) 18... c5 (18... Qxd4 19. exd4 Ng5 20. f4 Ne4
21. Bxe4 fxe4 22. Nd2 $14) 19. Qd1 (19. Qxc4 Ba6 20. Qc2 c4 21. fxe4 Qxe3+ 22.
Kh1 Rad8 $44 {[%csl Ra1,Rb1]}) 19... c3 20. bxc3 Rd8 21. Qe1 Ng5 22. f4 Ne4 23.
Bxe4 fxe4 24. Nd2 Rd3 25. Nxe4 c4 $13 {Ljubojevic,L (2580)-Jussupow,A (2610)/
Rotterdam 1989/CBM 013 (0-1, 42)}) 10. Ba5 $5 $146 {A consequent continuation.}
({Once again, it makes little sense to block the queenside:} 10. c5 Nc4 11. Bf4
b6 $1 {After this well-timed pawn break, White will not be able to maintain
the blockade on the dark squares.} 12. Na3 Nxa3 13. Qxa3 bxc5 14. dxc5 a5 15.
Bd6 Bb7 16. Ne5 Ne8 17. Bxe7 Qxe7 18. e4 Qc7 19. Qc3 Nf6 20. exd5 exd5 21. b3 (
{White plays without a clear plan. He could have tried regrouping with} 21. Nf3
{, aiming to block the d5-pawn with the knight, but this would allow Black to
get irritating activity:} Ne4 22. Qc2 a4 23. Nd4 Qe5 24. Rd1 Rfe8 $13 {[%cal
Ge4g5,Gg5e6,Ga8a5]}) 21... Rfe8 22. Re1 Rad8 23. Qd4 Ne4 24. Nd3 Ba6 25. Nf4
Nf6 $11 {San Segundo Carrillo,P (2415)-Salov,V (2655)/Madrid 1992/CBM 030 (1/2,
55)}) 10... dxc4 {Black has to accept the pawn.} (10... Qe8 11. Nbd2 $14) 11.
Qd1 ({White would get nowhere with} 11. Rxc4 Qd5 12. Bxb6 axb6 13. Ne5 Qd8 {
Black's queen's rook is developed already, and the bishop pair could become
dangerous if the positon opens up. Moreover, Black has the plan of gaining
space with ...b6-b5-b4.} 14. Nd2 (14. Rxc6 $5 Qxd4 15. Nf3 Qd8 16. Rc1 Bd7 $11)
14... Nd7 $5) 11... Qd5 12. Bc3 Qb5 {The idea to transfer the queen to a6 does
not seem right. Black will not be able to keep the extra pawn anyway.
Eventually, White will force the queen exchange under very favourable
circumstances, taking advantage of the reduced mobility of the black one.} (
12... Ne4 $5) (12... Qh5 $5) 13. a4 Qa6 14. Nbd2 Nbd5 (14... Rd8 15. e3 $14 {
[%cal Gg2f1,Ga4a5]}) 15. Ne5 (15. e3 $5 {[%cal Gg2f1]}) 15... c5 {This usually
is a freeing move, but here it weakens the long diagonal and the b5-square.} (
15... Nxc3 16. bxc3 Nd7 17. Nexc4 Nb6 18. Ne5 Nd7 $14 {may be a better try for
survival.}) 16. Ndxc4 Nxc3 17. bxc3 $16 Nd7 18. Qb3 Rb8 19. Qb5 $1 {Now
White's space advantage becomes overwhelming.} Qxb5 20. axb5 cxd4 21. cxd4 Nxe5
22. Nxe5 f6 23. Nc4 Bd7 24. b6 axb6 (24... a6 25. Na5 Bd8 26. Nxb7 Bxb6 27. e3
Bb5 28. Nd6 $16) 25. Nxb6 Be8 {Black is passive and has numerous weaknesses.
The least White should count on getting is a rook ending with 5P vs 4P on the
same wing, which would offer reasonable winning chances.} 26. Rab1 {This loses
two tempi, but White's domination is such that cannot be shaken by this kind
of "detail".} (26. e3 $5 $16) 26... Bg6 27. Ra1 Rfd8 28. e3 Bd3 29. Bh3 f5 (
29... Kf7 30. Rc7 $16) 30. Bf1 $1 {After having provoked a new weakness, the
bishop was not useful anymore.} Bxf1 31. Kxf1 Rd6 32. Rcb1 Bd8 33. Nc4 Rd7 34.
Ne5 Rc7 35. Ra6 $5 b6 36. Kg2 Bf6 $2 37. Nd3 $2 ({Missing an immediate win with
} 37. Rbxb6 $1 $18 {Because of his back rank weakness (both players must have
overlooked that f7 is controlled by the knight), Black loses two pawns.
Kramnik must have felt in his element when reaching this endgame, but somehow
failed to display the required accuracy at the critical moments. This is just
one of his missed chances, eventually leading to a frustrating draw...}) 37...
Rcb7 38. Rb5 Bd8 39. Re5 Re7 40. Nf4 (40. d5 $5 exd5 41. Rxf5 Rd7 42. Nb4 b5 (
42... d4 43. Nc6 Rc8 44. Nxd4 $18) 43. Rxd5 Rxd5 44. Nxd5 $16 {With his rook
behind the passed pawn, Black has saving chances, but should refrain from:} b4
$2 45. Nxb4 Rxb4 46. Ra8 $18) 40... Kf7 41. Nd3 Rc8 42. Rb5 Kf6 43. h4 g6 44.
Kf3 h5 45. Ra2 Rb7 46. Ne5 Kg7 47. Ke2 Kf6 48. Kd3 Rbc7 49. Kd2 Rb7 50. Kd3
Rbc7 51. Rb3 Rb7 52. Nc4 Bc7 53. Rb5 Rcb8 54. Rab2 Ra7 55. Rc2 ({Kramnik
rightly hopes to get a better ending than that arising after} 55. Nxb6 Bxb6 56.
Rxb6 Rxb6 57. Rxb6 $16) 55... Ke7 56. e4 fxe4+ 57. Kxe4 Rd8 58. Ne3 (58. Nxb6
Bxb6 59. Rxb6 Ra4 60. Rd2 Kf6 $14) 58... Rd7 59. Rc6 Ra4 60. Nc4 Kf7 61. Rb3
Ra2 62. f4 Ra4 63. Ke3 Ra1 64. Nd2 Ke7 65. Nf3 Ra7 66. Rb5 Ra5 67. Rxa5 bxa5
68. Ke4 {This allows Black to set up a defensive system.} (68. Ng5 {would have
been more restrictive:} Bd6 69. Ra6 Rb7 70. Rxa5 Rb3+ 71. Ke4 Rxg3 72. Ra7+ Ke8
73. Nxe6 Rg4 74. Rg7 $16) 68... Bd6 (68... Bb8 $5 $14 69. Ra6 $140 Ra7) 69. Ra6
Rb7 (69... Bc7 70. Ne5 Bxe5 71. fxe5 $16) 70. Rxa5 Bb8 71. Ra6 Rb3 72. Ng5 Rxg3
$2 (72... Bd6 73. Ra7+ Ke8 74. Nxe6 $16 {would transpose to the line given on
move 68.}) 73. Rxe6+ Kd7 74. Rxg6 Rg4 75. Rg7+ Kc8 76. Ne6 Rxh4 {White is
winning, but after 6 hours of play it is not easy to evaluate the consequences
of Black's counterplay based on his h-pawn.} 77. Rh7 (77. Rf7 $18 {/\Kd5}) (77.
Kd5 $1 {would have led to the game position more directly:} Bxf4 78. Kc6 Kb8
79. Rb7+ ({Actually, the most elegant win is} 79. Rd7 $5 {/\80.Kb6 Kc8 Rd8#,
but this is not easy to see during the game.}) 79... Ka8 80. Rb3 $1 {The rook
stands well here, cutting off the enemy king and slowing down the h-pawn.} Rg4
(80... Bh2 81. Nc7+ Bxc7 82. Kxc7 $18) 81. Nxf4 Rxf4 82. d5 $18) 77... Bd6 78.
Kd5 Bxf4 79. Kc6 Kb8 80. Kb6 {Getting here one move later than in the previous
line, which does not change anything, of course.} (80. Rd7 $1 $18) (80. Rb7+ $1
$18) 80... Kc8 81. Kc6 Kb8 82. Rb7+ Ka8 83. Rb5 $6 ({This loses a tempo over} 
83. Rb3 $1 $18 {, but should still win.}) 83... Rg4 84. Ra5+ $2 {This seems to
finally spoil the win.} (84. Nxf4 $1 Rxf4 85. d5 Rc4+ 86. Kd7 h4 87. Rb3 $18 {
Even with a tempo less, White is in time to promote his pawn:} Rg4 88. d6 Rg3
89. Rxg3 $1 hxg3 90. Kc6 g2 91. d7 g1=Q 92. d8=Q+ Ka7 93. Qc7+ Ka6 94. Qb7+ Ka5
95. Qb5#) 84... Kb8 85. Rxh5 ({Now it is too late for} 85. Rb5+ Ka7 (85... Kc8
86. Rxh5 $18) 86. Nxf4 Rxf4 87. d5 Rc4+ 88. Kd7 h4 89. Rb3 Rg4 90. d6 Rg3 91.
Rb2 h3) 85... Bg3 {The world title match played earlier this year was decided
by an ending with the same material as in our current position. However, Leko
defends better than Gelfand.} 86. Rh8+ Ka7 87. Rh7+ Kb8 88. Rb7+ Kc8 89. Rf7
Kb8 90. d5 Rc4+ 91. Nc5 Rc2 92. Rb7+ Ka8 93. Rb5 Bh2 94. Rb1 Ka7 95. Rb7+ Ka8
96. Rg7 Kb8 97. Rg8+ Ka7 98. Rg7+ Kb8 99. Rg6 Ka7 100. d6 $11 {Finally
resigning himself to the inevitable.} Bxd6 101. Rxd6 Rc1 102. Rd2 Kb8 103. Ra2
Rc3 104. Rb2+ Kc8 105. Re2 Kd8 106. Kd6 Rc1 107. Nb7+ Kc8 108. Re7 Rd1+ 109.
Kc6 Rc1+ 110. Nc5 Kd8 111. Re2 Rc3 112. Kd6 Rc1 113. Ne6+ Kc8 114. Rd2 Rc3 115.
Nc5 Rc1 116. Re2 Kd8 117. Re3 Rc2 118. Ne6+ Kc8 119. Rd3 Rc1 120. Rd5 Rc2 121.
Rd1 Rc3 122. Nf4 Rb3 123. Rc1+ Kb7 124. Nd5 Rb2 125. Rc7+ Kb8 126. Rh7 Rb1 127.
Nc3 Rb6+ 128. Kc5 Rb3 129. Ne4 Rb7 130. Rh8+ Kc7 131. Nd6 Rb1 132. Rh7+ Kd8
133. Nb7+ Ke8 134. Kc6 1/2-1/2

[Event "Odorheiu Secuiesc zt"]
[Site "Odorheiu Secuiesc"]
[Date "1995.??.??"]
[Round "5"]
[White "Marin, Mihail"]
[Black "Hracek, Zbynek"]
[Result "1/2-1/2"]
[WhiteElo "2540"]
[BlackElo "2595"]
[Annotator "Marin,M"]
[PlyCount "38"]
[EventDate "1995.03.??"]
[EventType "swiss"]
[EventRounds "9"]
[EventCountry "ROU"]
[SourceTitle "CBM 047"]
[Source "ChessBase"]
[SourceDate "1995.08.01"]
[SourceVersion "1"]
[SourceVersionDate "1995.08.01"]
[SourceQuality "1"]

1. d4 Nf6 2. c4 e6 3. g3 Bb4+ 4. Bd2 Qe7 5. Nf3 Nc6 6. Nc3 Bxc3 7. Bxc3 Ne4 8.
Rc1 O-O 9. Bg2 d6 10. d5 Nd8 11. Bb4 e5 (11... a5 $1) 12. Nd2 Nxd2 (12... a5
13. Nxe4 axb4 14. c5 $14) 13. Qxd2 (13. Bxd2 $1 a5 (13... b6 14. b4 $16) 14. c5
$1 dxc5 15. Qc2 $16 b6 $4 16. d6 $18) 13... b6 14. Bc3 (14. c5 bxc5 15. Bxc5
dxc5 16. d6 cxd6 17. Bxa8 Nb7 $44 18. e4 (18. O-O $2 Bh3) 18... Bh3 19. Bxb7
Qxb7 20. f3 f5 $40) 14... a5 15. O-O Nb7 16. f4 f6 17. f5 Nc5 18. b3 Bd7 19.
Bb2 Qf7 1/2-1/2

[Event "WchT 8th"]
[Site "Ningbo"]
[Date "2011.07.26"]
[Round "9.4"]
[White "Sargissian, Gabriel"]
[Black "Moiseenko, Alexander"]
[Result "1/2-1/2"]
[WhiteElo "2663"]
[BlackElo "2715"]
[Annotator "Marin,M"]
[PlyCount "74"]
[EventDate "2011.07.17"]
[EventType "team-tourn"]
[EventRounds "9"]
[EventCountry "CHN"]
[SourceTitle "CBM 144"]
[Source "ChessBase"]
[SourceDate "2011.09.16"]
[SourceVersion "1"]
[SourceVersionDate "2011.09.16"]
[SourceQuality "1"]
[WhiteTeam "Armenia"]
[BlackTeam "Ukraine"]
[WhiteTeamCountry "ARM"]
[BlackTeamCountry "UKR"]

1. d4 Nf6 2. c4 e6 3. Nf3 Bb4+ 4. Bd2 a5 5. g3 d6 ({In a recent article, I
have examined the system based on} 5... d5 6. Bg2 dxc4 7. Qc2 Nc6 $5 8. Qxc4
Qd5 $1) 6. Bg2 Nbd7 7. O-O e5 8. Nc3 (8. Bg5 {is an important alternative,
aiming to leave the b4-bishop exposed.}) 8... O-O 9. dxe5 $5 {Almost never
played.} (9. Qc2 {is the main line.}) 9... Nxe5 10. Nxe5 dxe5 11. a3 (11. Qc2
c6 12. Rfd1 Qc7 13. Na4 Be6 14. Be3 $14 {Gagarin,V-Nikolenko,O (2405)/Moscow
1989/EXT 1999 (1/2, 26)}) 11... Bc5 12. Qc2 c6 13. Rfd1 Qe7 14. Na4 Be6 15.
Nxc5 Qxc5 16. Rac1 $14 {The force of White's bishops' pair should not be
neglected.} Rfd8 17. Be3 Rxd1+ 18. Qxd1 Qe7 19. a4 Qb4 20. b3 Nd7 21. Be4 Nf6
22. Bc2 Ng4 23. Bd2 Qe7 24. Qe1 b6 25. Rd1 Rd8 26. Bc3 c5 27. Rxd8+ Qxd8 28. h3
Nf6 29. Bxe5 Bxh3 30. Qd1 Qxd1+ 31. Bxd1 Nd7 32. Bc7 Kf8 33. Bc2 Ke7 34. Be4 g6
35. f3 Be6 36. g4 h5 37. gxh5 gxh5 {I assume that the final result was
dictated by the team's interests. I would evaluate the ending as close to
winning for White.} 1/2-1/2